[Event "Zonalny_2015_wom"]
[Site "?"]
[Date "2015.06.07"]
[Round "4"]
[White "Kurbonboeva, Sarvinoz"]
[Black "Abdusattorova, Bakhora"]
[Result "1-0"]
[WhiteElo "2242"]
[BlackElo "2232"]
[PlyCount "135"]
[EventDate "2015.??.??"]

1. d4 Nf6 2. c4 e6 3. Nc3 Bb4 4. e3 O-O 5. Nge2 c6 6. g3 d5 7. Qb3 Qe7 8. Bg2
a5 9. a3 Bd6 10. O-O Nbd7 11. cxd5 exd5 12. f3 Bc7 13. e4 Nb6 14. Qc2 Be6 15.
b3 Rac8 16. e5 Ne8 17. a4 c5 18. Ba3 Bb8 19. f4 g6 20. Qd2 Ng7 21. Bxc5 Rxc5
22. dxc5 Qxc5+ 23. Nd4 Nc8 24. Ncb5 Ne7 25. Rac1 Qb6 26. Qf2 Bd7 27. Kh1 Qd8
28. Rfd1 h5 29. Rc3 Qb6 30. Rd2 Kh8 31. Nc2 Qd8 32. Ncd4 Ne6 33. Qe3 Ng7 34.
Qd3 h4 35. Nd6 Bc6 36. N4b5 hxg3 37. Qxg3 Nef5 38. Qg5 Qxg5 39. fxg5 Ne6 40.
Bxd5 Nxg5 41. Nxf5 gxf5 42. Bxc6 bxc6 43. Nd6 f4 44. Rg2 f6 45. exf6 Nh7 46.
Ne4 Be5 47. Rxc6 Bxf6 48. Nxf6 Nxf6 49. Rc3 Rd8 50. Rh3+ Nh7 51. Rf3 Rd4 52.
Rgf2 Rb4 53. Rxf4 Rxb3 54. Rg2 Rb7 55. Rd4 Nf6 56. Rh4+ Nh7 57. Rh5 Ra7 58. Rg6
Ra8 59. Rgh6 Ra7 60. Rxh7+ Rxh7 61. Rxh7+ Kxh7 62. Kg2 Kg6 63. Kf3 Kf5 64. Ke3
Kg4 65. Kd4 Kh3 66. Kc5 Kxh2 67. Kb5 Kg3 68. Kxa5 1-0

[Event "Zonalny_2015_wom"]
[Site "?"]
[Date "2015.06.07"]
[Round "4"]
[White "Davletbayeva, Madina"]
[Black "Tokhirjonova, Gulrukhbegim"]
[Result "0-1"]
[WhiteElo "2261"]
[BlackElo "2227"]
[PlyCount "150"]
[EventDate "2015.??.??"]

1. e4 e6 2. d4 d5 3. exd5 exd5 4. Nf3 Bd6 5. c4 c6 6. Nc3 Ne7 7. Bd3 Nd7 8. O-O
dxc4 9. Bxc4 Nb6 10. Bb3 O-O 11. Re1 Bg4 12. Bg5 h6 13. Bxe7 Bxe7 14. h3 Bh5
15. g4 Bg6 16. Ne5 Kh8 17. Qf3 Bf6 18. Rad1 Qc7 19. Qg3 Bxe5 20. dxe5 Rae8 21.
h4 f5 22. h5 Bh7 23. e6 Qe7 24. a4 fxg4 25. a5 Nc8 26. Rd7 Qb4 27. Qe5 Ne7 28.
Qd6 Qxb3 29. Rxe7 Qxb2 30. Rf7 Rg8 31. Qd4 Qb3 32. Qe5 a6 33. Re3 Bc2 34. Rd7
b5 35. e7 b4 36. Rd6 bxc3 37. Rxh6+ Bh7 38. Rxc3 Qd1+ 39. Kh2 Qd5 40. Qxd5 cxd5
41. Re6 Bf5 42. Re5 Be4 43. Rc6 Bd3 44. Rd6 Bc4 45. Kg3 Kh7 46. Kxg4 g6 47.
Ree6 gxh5+ 48. Kxh5 Rg7 49. Rd8 Bb5 50. Rxd5 Rexe7 51. Rxe7 Rxe7 52. f4 Rg7 53.
Kh4 Rc7 54. f5 Kg7 55. Kg5 Rc1 56. Re5 Rf1 57. Re7+ Kf8 58. f6 Ra1 59. Ra7 Rxa5
60. Kf5 Ra1 61. Ra8+ Kf7 62. Ra7+ Kg8 63. Ra8+ Kh7 64. Ra7+ Kh6 65. Ra8 Rf1+
66. Ke5 Re1+ 67. Kd5 Kg6 68. Rf8 Be8 69. Kc5 a5 70. Kc4 a4 71. Kb4 Re4+ 72. Ka3
Re3+ 73. Ka2 Bf7+ 74. Kb1 Kxf6 75. Ra8 a3 0-1

[Event "Zonalny_2015_wom"]
[Site "?"]
[Date "2015.06.07"]
[Round "4"]
[White "Nakhbayeva, Guliskhan"]
[Black "Dauletova, Gulmira"]
[Result "0-1"]
[WhiteElo "2341"]
[BlackElo "2261"]
[PlyCount "110"]
[EventDate "2015.??.??"]

1. d4 d5 2. c4 e5 3. dxe5 d4 4. a3 Nc6 5. Nf3 Nge7 6. Bf4 Ng6 7. g3 a5 8. Nbd2
Bg4 9. h3 Bf5 10. g4 Nxf4 11. gxf5 Qd7 12. Qb1 g6 13. f6 a4 14. h4 Qf5 15. Qe4
Ra5 16. O-O-O Bh6 17. Kb1 O-O 18. h5 Qxe4+ 19. Nxe4 Nxh5 20. Ng3 Nxg3 21. Rxh6
Nf5 22. Rh1 Nxe5 23. Bg2 Ng4 24. Rhf1 c5 25. Ng5 Nxf6 26. Bxb7 Nd6 27. Bd5 Nxd5
28. cxd5 Re8 29. Rfe1 h6 30. Nf3 Rb5 31. Kc2 Reb8 32. Rb1 Nc4 33. e3 dxe3 34.
fxe3 Rb3 35. Nd2 Nxe3+ 36. Kc1 Rd3 37. d6 Nf5 38. Re4 Ra8 39. Rc4 Nxd6 40. Rh4
h5 41. Kc2 Rd4 42. Rxd4 cxd4 43. Kd3 Nf5 44. b4 axb3 45. Rxb3 h4 46. Ke4 Kg7
47. Kf4 Rc8 48. Kg4 Rc2 49. Rd3 Kf6 50. Kf4 g5+ 51. Kg4 Kg6 52. Nb3 Rg2+ 53.
Kh3 Ra2 54. Nxd4 Nxd4 55. Rxd4 Rxa3+ 0-1

[Event "Zonalny_2015_wom"]
[Site "?"]
[Date "2015.06.07"]
[Round "4"]
[White "Saduakassova, Dinara"]
[Black "Zhylkaidarova, Sholpan"]
[Result "1-0"]
[WhiteElo "2405"]
[BlackElo "2120"]
[PlyCount "127"]

1. d4 Nf6 2. c4 e6 3. g3 Bb4+ 4. Bd2 Qe7 5. Bg2 Bxd2+ 6. Qxd2 d6 7. Nc3 O-O 8.
Nf3 Nbd7 9. O-O e5 10. b3 c6 11. dxe5 Nxe5 12. Rfd1 Nxf3+ 13. Bxf3 Rd8 14. Qf4
Be6 15. Rd2 d5 16. cxd5 Nxd5 17. Nxd5 Bxd5 18. Bxd5 Rxd5 19. Rxd5 cxd5 20. e3
h6 21. Rc1 Rd8 22. Qc7 Qd7 23. Kg2 b6 24. h4 Kf8 25. h5 d4 26. exd4 Qxd4 27.
Qxa7 Qd5+ 28. Kg1 Qxh5 29. Qxb6 Rd1+ 30. Rxd1 Qxd1+ 31. Kg2 Qd5+ 32. f3 Qd2+
33. Qf2 Qc3 34. Qe2 h5 35. Qd1 Qb2+ 36. Kg1 Qf6 37. a4 g5 38. Qd5 g4 39. fxg4
hxg4 40. a5 Qc3 41. Kf2 Qc2+ 42. Ke3 Qc7 43. a6 Qxg3+ 44. Ke2 Qg1 45. Qb7 g3
46. a7 Qf2+ 47. Kd3 Qf1+ 48. Kd4 Qf2+ 49. Ke5 Qe3+ 50. Kf5 Qd3+ 51. Kf4 Qd6+
52. Kg4 Qg6+ 53. Kh3 Qh6+ 54. Kxg3 Qe3+ 55. Kg4 Qd4+ 56. Kf5 Qf2+ 57. Ke5 Qc5+
58. Ke4 Qc2+ 59. Kd4 Qf2+ 60. Kc4 Qc2+ 61. Kb4 Qd2+ 62. Kb5 Qd3+ 63. Ka4 Qd4+
64. Qb4+ 1-0

[Event "Zonalny_2015_wom"]
[Site "?"]
[Date "2015.06.08"]
[Round "5"]
[White "Hotami, Mutriba"]
[Black "Davletbayeva, Madina"]
[Result "0-1"]
[WhiteElo "1714"]
[BlackElo "2227"]
[PlyCount "108"]
[SourceDate "2015.06.10"]

1. e4 Nf6 2. e5 Nd5 3. d4 d6 4. c4 Nb6 5. Nf3 g6 6. Be2 Bg7 7. exd6 cxd6 8. O-O
O-O 9. Nc3 Nc6 10. Re1 Bg4 11. c5 dxc5 12. dxc5 Nd7 13. Be3 Qa5 14. Na4 Rad8
15. Bd2 Qc7 16. Qc1 Bxf3 17. Bxf3 Nde5 18. Be2 Nd4 19. Bc3 Nxe2+ 20. Rxe2 Nd3
21. Qe3 Nf4 22. Ree1 Nd5 23. Qg3 Qxg3 24. hxg3 Nxc3 25. Nxc3 Rd2 26. Rxe7 Rxb2
27. Rc1 Bd4 28. Nd1 Rb5 29. c6 bxc6 30. Rxc6 Rb1 31. Re1 Rd8 32. Kf1 Rdb8 33.
Rc2 R1b5 34. Ne3 Ra5 35. Ree2 Rh5 36. Re1 Re8 37. Ke2 Bxe3 38. fxe3 Rg5 39. Kf3
Re6 40. Rc4 Ra5 41. a4 Rf6+ 42. Ke2 Rg5 43. g4 h5 44. Rf1 Rxf1 45. Kxf1 Rxg4
46. Rxg4 hxg4 47. Kf2 Kg7 48. Kg3 f5 49. e4 Kf6 50. exf5 gxf5 51. Kh4 a5 52.
Kh5 Ke5 53. Kg5 Ke4 54. Kh5 Ke3 0-1

[Event "Zonalny_2015_wom"]
[Site "?"]
[Date "2015.06.08"]
[Round "5"]
[White "Kakhramonova, Mokhinur"]
[Black "Alymbay Kyzy, Aizhan"]
[Result "1/2-1/2"]
[WhiteElo "2035"]
[BlackElo "1879"]
[PlyCount "116"]

1. e4 c6 2. d4 d5 3. Nd2 dxe4 4. Nxe4 Bf5 5. Ng3 Bg6 6. h4 h6 7. Nf3 Nd7 8. h5
Bh7 9. Bd3 Bxd3 10. Qxd3 e6 11. Bd2 Ngf6 12. O-O-O Be7 13. Qe2 c5 14. dxc5 Qc7
15. Bc3 O-O 16. c6 Qxc6 17. Ne5 Nxe5 18. Bxe5 Rfd8 19. f4 Rd5 20. Rxd5 Qxd5 21.
Kb1 Rd8 22. Bc3 Qc6 23. a3 Nd5 24. Bd2 Qb6 25. Qf3 Bf6 26. Bc1 Nc3+ 27. Ka1 Na4
28. Qb3 Qxb3 29. cxb3 Nc5 30. b4 Nb3+ 31. Kb1 Nxc1 32. Rxc1 Rd2 33. Rc2 Rxc2
34. Kxc2 Kf8 35. Ne4 Ke7 36. b3 g6 37. hxg6 fxg6 38. a4 e5 39. fxe5 Bxe5 40.
Kd3 h5 41. Nf2 g5 42. Ke4 Kf6 43. b5 g4 44. a5 Bc3 45. a6 bxa6 46. bxa6 Ba5 47.
Nd3 Bc7 48. b4 Kg5 49. Nc5 Kh4 50. Ne6 Bb8 51. Nf4 Kg3 52. Nxh5+ Kxg2 53. b5 g3
54. b6 axb6 55. Kd5 Ba7 56. Kc6 b5 57. Kxb5 Kf2 58. Nxg3 Kxg3 1/2-1/2

[Event "Zonalny_2015_wom"]
[Site "?"]
[Date "2015.06.08"]
[Round "5"]
[White "Abdusattorova, Bakhora"]
[Black "Zhylkaidarova, Sholpan"]
[Result "1/2-1/2"]
[WhiteElo "2232"]
[BlackElo "2120"]
[PlyCount "126"]
[EventDate "2015.??.??"]

1. d4 Nf6 2. c4 e6 3. Nc3 Bb4 4. e3 O-O 5. Nge2 d5 6. a3 Be7 7. cxd5 exd5 8.
Ng3 b6 9. b4 c6 10. Bd3 Bb7 11. O-O a5 12. Rb1 axb4 13. axb4 Re8 14. Qb3 Nbd7
15. Rd1 Nf8 16. e4 dxe4 17. Ncxe4 Nxe4 18. Bxe4 Bf6 19. Be3 Qd7 20. b5 cxb5 21.
Bxb7 Qxb7 22. Qxb5 Nd7 23. Nf5 Red8 24. Nd6 Qa6 25. Qd5 Qa2 26. Qc6 Qa4 27. d5
Be7 28. Nf5 Bc5 29. Bxc5 bxc5 30. Re1 h6 31. Re3 Qc2 32. Ne7+ Kf8 33. Rf1 Nf6
34. Qb7 Qa2 35. Nc6 Rd7 36. Qb6 Qxd5 37. Re5 Qd6 38. Rxc5 Rc7 39. Qb5 Rac8 40.
Rfc1 Nd7 41. R5c4 Nb8 42. Nd4 Rxc4 43. Rxc4 Rd8 44. h3 Re8 45. g3 Qd7 46. Qh5
Qb7 47. Nf3 Nd7 48. Rf4 Nf6 49. Qf5 Kg8 50. g4 Re4 51. Kg2 Rxf4 52. Qxf4 Qe4
53. Qb8+ Kh7 54. Kg3 g5 55. Qc7 Kg7 56. Qd6 Nd5 57. h4 Nf6 58. Qd4 gxh4+ 59.
Nxh4 Qxd4 60. Nf5+ Kg6 61. Nxd4 h5 62. f3 hxg4 63. fxg4 Nxg4 1/2-1/2

[Event "Zonalny_2015_wom"]
[Site "?"]
[Date "2015.06.08"]
[Round "5"]
[White "Nakhbayeva, Guliskhan"]
[Black "Kurbonboeva, Sarvinoz"]
[Result "1/2-1/2"]
[WhiteElo "2341"]
[BlackElo "2242"]
[PlyCount "92"]

1. d4 Nf6 2. c4 g6 3. Nc3 Bg7 4. e4 d6 5. Be2 O-O 6. Nf3 e5 7. O-O Nc6 8. d5
Ne7 9. b4 a5 10. Ba3 axb4 11. Bxb4 b6 12. a4 Re8 13. a5 c5 14. dxc6 Nxc6 15.
Bxd6 Rxa5 16. Rxa5 Nxa5 17. Bxe5 Qxd1 18. Rxd1 Nxe4 19. Nxe4 Bxe5 20. Nxe5 Rxe5
21. Rd8+ Kg7 22. Rxc8 Rxe4 23. Kf1 Re5 24. Rd8 Rc5 25. Rd4 Nc6 26. Rd6 Na5 27.
Rxb6 Nxc4 28. Rb4 Nd6 29. g3 f5 30. Rd4 Rc6 31. Bf3 Ra6 32. h4 Kf6 33. Kg2 h6
34. Be2 Rb6 35. Ra4 g5 36. Bd3 Rb3 37. Bc2 Rb2 38. Ra6 Ke5 39. Rc6 gxh4 40.
gxh4 Rb4 41. Rc5+ Ke6 42. Kh3 Rf4 43. Kg2 Rg4+ 44. Kh3 Rf4 45. Kg3 Rg4+ 46. Kh3
Rf4 1/2-1/2

[Event "Zonalny_2015_wom"]
[Site "?"]
[Date "2015.06.08"]
[Round "5"]
[White "Hallaeva, Bahar"]
[Black "Dauletova, Gulmira"]
[Result "1-0"]
[WhiteElo "2153"]
[BlackElo "2261"]
[PlyCount "149"]

1. e4 c5 2. c3 d5 3. exd5 Qxd5 4. d4 g6 5. Nf3 Bg7 6. Be2 Nf6 7. O-O O-O 8. Be3
Ng4 9. Bg5 Nc6 10. h3 Nf6 11. Be3 cxd4 12. cxd4 Qd6 13. Nc3 Bf5 14. Qa4 a6 15.
Rac1 Rfd8 16. Qc4 Rac8 17. Ng5 Rf8 18. Bf3 b5 19. Qc5 h6 20. Qxd6 exd6 21. Bxc6
Rxc6 22. Nf3 b4 23. Nd5 Rxc1 24. Nxf6+ Bxf6 25. Rxc1 Be4 26. Bxh6 Rb8 27. Be3
Bd5 28. Nd2 Kf8 29. b3 Rb5 30. Nc4 Ke7 31. f3 Ke6 32. Re1 Kd7 33. Rc1 Ke6 34.
Kf2 Bb7 35. Ke2 Bh4 36. Bf4 Be7 37. Kd3 Kd7 38. Re1 Bf8 39. Re2 Bd5 40. Ne3 Be6
41. g4 Be7 42. Rh2 g5 43. Bg3 f5 44. gxf5 Bxf5+ 45. Nxf5 Rxf5 46. Ke4 Ke6 47.
h4 d5+ 48. Ke3 gxh4 49. Bxh4 Bd6 50. Rg2 Bf4+ 51. Kf2 Rh5 52. Bg3 Bxg3+ 53.
Kxg3 Kf5 54. Rc2 Rg5+ 55. Kf2 Kf4 56. Rc6 Rh5 57. Rf6+ Kg5 58. Rxa6 Kf4 59.
Rf6+ Kg5 60. Rb6 Kf4 61. Rf6+ Kg5 62. Rf8 Rh2+ 63. Kg3 Rxa2 64. Rb8 Rd2 65.
Rxb4 Rd3 66. Ra4 Kf6 67. Rb4 Kg5 68. Rb8 Rxd4 69. b4 Kf5 70. b5 Rb4 71. b6 Ke6
72. f4 d4 73. Kf3 Kd5 74. f5 Rb3+ 75. Kg4 1-0

[Event "Zonalny_2015_wom"]
[Site "?"]
[Date "2015.06.08"]
[Round "5"]
[White "Tokhirjonova, Gulrukhbegim"]
[Black "Saduakassova, Dinara"]
[Result "1/2-1/2"]
[WhiteElo "2246"]
[BlackElo "2405"]
[PlyCount "60"]

1. d4 Nf6 2. Nc3 d5 3. Bf4 e6 4. e3 Bb4 5. Bd3 c5 6. dxc5 Nbd7 7. Nf3 Nxc5 8.
O-O O-O 9. Ne2 Nxd3 10. cxd3 Bd6 11. Rc1 Bxf4 12. exf4 Qd6 13. Qd2 Bd7 14. g3
Qa6 15. Ned4 Rfc8 16. Ra1 Qb6 17. b4 Ne8 18. a4 Nd6 19. Qb2 Qd8 20. b5 a6 21.
Ne5 Be8 22. Qb4 h6 23. bxa6 Rxa6 24. a5 b6 25. axb6 Qxb6 26. Qxb6 Rxb6 27. Rfc1
Rxc1+ 28. Rxc1 Rb7 29. Kg2 Kf8 30. h4 Rb4 1/2-1/2

[Event "Zonalny_2015_wom"]
[Site "?"]
[Date "2015.06.09"]
[Round "6"]
[White "Alymbay Kyzy, Aizhan"]
[Black "Abdusattorova, Bakhora"]
[Result "0-1"]
[WhiteElo "1879"]
[BlackElo "2232"]
[PlyCount "44"]

1. e4 e5 2. Nf3 Nc6 3. d4 exd4 4. Nxd4 Bb4+ 5. c3 Bc5 6. Nxc6 bxc6 7. Bd3 Ne7
8. O-O O-O 9. h3 d6 10. Nd2 Ng6 11. b4 Bb6 12. Nc4 f5 13. Nxb6 axb6 14. Qh5 Ne5
15. Qe2 f4 16. f3 Qg5 17. Kh1 Rf6 18. Rf2 Qg3 19. Bc2 Rh6 20. Bb2 Bxh3 21. gxh3
Rxh3+ 22. Rh2 Nxf3 0-1

[Event "Zonalny_2015_wom"]
[Site "?"]
[Date "2015.06.09"]
[Round "6"]
[White "Zhylkaidarova, Sholpan"]
[Black "Antonova, Nadezhda"]
[Result "1-0"]
[WhiteElo "2120"]
[BlackElo "2082"]
[PlyCount "113"]
[EventDate "2015.??.??"]

1. d4 d6 2. Nf3 Bg4 3. c4 Bxf3 4. exf3 g6 5. Be2 Bg7 6. Be3 Nd7 7. Nc3 c6 8.
Qd2 Ngf6 9. O-O d5 10. cxd5 cxd5 11. Rac1 O-O 12. Na4 Ne8 13. Qb4 Nd6 14. Bf4
Nb6 15. Nc5 Rb8 16. Rfd1 Re8 17. Bf1 Nbc8 18. Na6 Nb6 19. Nxb8 Qxb8 20. Bxd6
Qxd6 21. Qxd6 exd6 22. Rc7 Rb8 23. b3 Kf8 24. Re1 Bf6 25. f4 Bd8 26. Rc2 Nc8
27. g4 Ne7 28. Bg2 Bb6 29. Rd1 h5 30. h3 hxg4 31. hxg4 f5 32. g5 Kf7 33. Rc3
Rh8 34. Rh3 Rxh3 35. Bxh3 Ke6 36. Bg2 Kd7 37. Kh2 Kc6 38. Kg3 Kb5 39. Re1 Bd8
40. Re6 Kc6 41. Re1 Kd7 42. Kf3 Bb6 43. Ke3 Nc6 44. Rd1 Ke6 45. a3 a6 46. Kd3
Ne7 47. Rh1 Kf7 48. Rh8 Bc7 49. Ra8 Bb6 50. Rb8 Bxd4 51. Kxd4 Nc6+ 52. Kxd5
Nxb8 53. Kxd6 Ke8 54. Bxb7 Kd8 55. Bc6 Kc8 56. Be8 Kb7 57. Bxg6 1-0

[Event "Zonalny_2015_wom"]
[Site "?"]
[Date "2015.06.09"]
[Round "6"]
[White "Dauletova, Gulmira"]
[Black "Kakhramonova, Mokhinur"]
[Result "1-0"]
[WhiteElo "2261"]
[BlackElo "2035"]
[PlyCount "117"]
[EventDate "2015.??.??"]

1. e4 c6 2. d4 d5 3. Nc3 dxe4 4. Nxe4 Bf5 5. Ng3 Bg6 6. h4 h6 7. Nf3 Nd7 8. h5
Bh7 9. Bd3 Bxd3 10. Qxd3 Ngf6 11. Bd2 Qb6 12. O-O-O O-O-O 13. Ne4 Nxe4 14. Qxe4
Nf6 15. Qe2 e6 16. Ne5 Qc7 17. Bf4 Bd6 18. Bg3 Rhf8 19. Rh4 Qe7 20. Rh3 Kb8 21.
Bh4 Rc8 22. Kb1 Qc7 23. Rb3 Ka8 24. Bg3 Rfd8 25. Rbd3 b5 26. Qf3 b4 27. c4 Qb7
28. Re1 Rf8 29. Rb3 c5 30. Qxb7+ Kxb7 31. dxc5 Bxc5 32. Nd3 Rfd8 33. Nxb4 Bxb4
34. Rxb4+ Ka8 35. Re5 a6 36. b3 Rd4 37. Ra5 Ka7 38. Be5 Rd1+ 39. Kc2 Rcd8 40.
Bf4 Ng4 41. Rba4 e5 42. Rxa6+ Kb8 43. Ra8+ Kb7 44. Rxd8 Rxd8 45. Be3 Nxe3+ 46.
fxe3 f5 47. Ra5 Re8 48. Rd5 Kc6 49. b4 Re6 50. Kb3 f4 51. e4 g5 52. hxg6 Rxg6
53. b5+ Kc7 54. Rxe5 Rg3+ 55. Kb4 Rxg2 56. Rf5 Rf2 57. Kc5 f3 58. b6+ Kd8 59.
Kc6 1-0

[Event "Zonalny_2015_wom"]
[Site "?"]
[Date "2015.06.09"]
[Round "6"]
[White "Davletbayeva, Madina"]
[Black "Nakhbayeva, Guliskhan"]
[Result "1-0"]
[WhiteElo "2227"]
[BlackElo "2341"]
[PlyCount "95"]

1. e4 e6 2. d4 d5 3. exd5 exd5 4. Nf3 Bd6 5. c4 Nf6 6. Nc3 dxc4 7. Bxc4 O-O 8.
O-O Nc6 9. h3 h6 10. Re1 Bf5 11. a3 a6 12. b4 Re8 13. Ra2 Qd7 14. Rae2 Rxe2 15.
Bxe2 b5 16. Be3 Rd8 17. Bd3 Ne7 18. Bxf5 Nxf5 19. Qd3 c5 20. bxc5 Bxc5 21. Rd1
Bxa3 22. Nxb5 Bb4 23. Ne5 Qxb5 24. Qxf5 Be7 25. Rb1 Qd5 26. Qc2 Bd6 27. Qa4 Qe4
28. Ra1 Nd5 29. Bd2 Ne7 30. Re1 Qb7 31. Qa2 Rf8 32. Qc4 Nf5 33. Qd3 g6 34. Ng4
h5 35. Nf6+ Kh8 36. d5 Ng7 37. Bh6 Bb4 38. Rb1 Rc8 39. Bxg7+ Kxg7 40. Nxh5+
gxh5 41. Qd4+ f6 42. Rxb4 Qd7 43. Rb6 Qf5 44. Rxa6 Rc1+ 45. Kh2 Rc2 46. Ra3
Qxf2 47. Rg3+ Kf7 48. Qe4 1-0

[Event "Zonalny_2015_wom"]
[Site "?"]
[Date "2015.06.09"]
[Round "6"]
[White "Kurbonboeva, Sarvinoz"]
[Black "Tokhirjonova, Gulrukhbegim"]
[Result "*"]
[WhiteElo "2242"]
[BlackElo "2246"]
[PlyCount "81"]

1. g3 d5 2. Nf3 Bg4 3. Bg2 Nd7 4. O-O Ngf6 5. d3 e5 6. Qe1 Bd6 7. h3 Be6 8.
Nbd2 h6 9. e4 c6 10. Nh4 Qc7 11. b3 O-O-O 12. Bb2 g5 13. Nf5 Bxf5 14. exf5 g4
15. h4 Nh5 16. c4 d4 17. Ne4 Be7 18. Qe2 Rhg8 19. a3 Ndf6 20. Bc1 Qd7 21. Nxf6
Bxf6 22. Be4 Qe7 23. Kg2 Ng7 24. Bxh6 Ne8 25. b4 Rh8 26. Bd2 Nd6 27. c5 Nxe4
28. Qxe4 Rdg8 29. b5 Kd7 30. Rab1 Rb8 31. Rfc1 Rhg8 32. Rb2 a6 33. bxc6+ bxc6
34. Rcb1 Rxb2 35. Rxb2 Rc8 36. Ba5 Qxc5 37. Rb7+ Ke8 38. Qxg4 Qd5+ 39. Kh2 Kf8
40. Bd2 Bg7 41. f6 *

[Event "Zonalny_2015_wom"]
[Site "?"]
[Date "2015.06.09"]
[Round "6"]
[White "Saduakassova, Dinara"]
[Black "Hallaeva, Bahar"]
[Result "1/2-1/2"]
[WhiteElo "2405"]
[BlackElo "2153"]
[PlyCount "93"]
[EventDate "2015.??.??"]

1. d4 Nf6 2. c4 e6 3. Nf3 b6 4. g3 Ba6 5. Qa4 Bb7 6. Bg2 c5 7. dxc5 Bxc5 8. O-O
O-O 9. Nc3 Qe7 10. Qc2 Nc6 11. a3 a5 12. Bf4 Rac8 13. Na4 d5 14. cxd5 Nb4 15.
Qd1 Nbxd5 16. Bg5 h6 17. Nxc5 Rxc5 18. Bd2 Ne4 19. Nd4 Ndf6 20. Be3 Ng4 21. Qd3
Nxe3 22. Qxe3 Nf6 23. Rac1 Bxg2 24. Kxg2 Rfc8 25. Kg1 R8c7 26. Nb3 Rxc1 27.
Rxc1 Rxc1+ 28. Qxc1 Qd7 29. Qd2 Qb5 30. Nd4 Qc4 31. Nf3 Nd5 32. Kf1 Kf8 33. Qd4
Qxd4 34. Nxd4 Ke7 35. e3 Kd6 36. Ke2 Kc5 37. Kd3 Nf6 38. f3 a4 39. e4 Nd7 40.
f4 b5 41. b4+ axb3 42. Nxb3+ Kd6 43. Nd4 Kc5 44. Nb3+ Kd6 45. Kc3 Nc5 46. e5+
Kc6 47. Nd4+ 1/2-1/2